| 000 | 00389cam a2200157ua 4500 | ||
|---|---|---|---|
| 041 |
_aeng _h |
||
| 082 |
_a425 _bBRO/GR |
||
| 100 | _aBrooke-Rose, Christina . | ||
| 245 |
_aGrammar of metaphor / _cChristina Brooke-Rose. _hTextual Documents |
||
| 250 |
_a1 / _b. |
||
| 260 |
_aLondon : _bMercury Books , _c1965. |
||
| 300 | _a343 ; . | ||
| 504 | _a | ||
| 942 | _cBK | ||
| 999 |
_c8655 _d8655 |
||